000 00456nam a22001457a 4500
003 SGT
082 _a617
_bC23S
100 _aSINGH, APRAJITA
245 _aComparative study of efficacy of ondansetron versus ondansetron and dexamethasone combination in preventing postoperative nausea and vomiting after laparoscopic cholecystectomy
260 _aGURUGRAM
_bSGT UNIVERSITY
_c2023
300 _a60
650 _aSURGERY
653 _aM.S
942 _2ddc
_cTH
999 _c26520
_d26520